000 00508nam a2200145 a 4500
008 130627s2010 ||||||||||||||||| || u
020 _a9780340992586
050 _aPS 3561 .I483.U53
100 _aKing, Stephen
245 1 0 _aUnder the dome
_cby Stephen King
260 _aUnited Kingdom:
_bHodder and Stoughton
_c2010
300 _a880p.
650 _aENGLISH LANGUAGE
995 _FCBU-MAIN LIBRARY (Kitwe)
_M1
_UAVAILABLE
_WJul 17, 2013
_ZFiction Collection
999 _c60628
_d60628